[Event "Najdorf Mem Open A 2016"]
[Site "Warsaw POL"]
[Date "2016.07.14"]
[Round "7.46"]
[White "Bus, Konrad"]
[Black "Stoma, Pawel"]
[Result "1-0"]
[WhiteElo "2216"]
[BlackElo "2365"]
[WhiteFideId "1148362"]
[BlackFideId "1113569"]
[EventDate "2016.07.08"]

1. c4 Nf6 2. Nc3 e5 3. Nf3 Nc6 4. a3 d5 5. cxd5 Nxd5 6. Qc2 Be7 7. e3 O-O 8.
Nxd5 Qxd5 9. Bd3 Kh8 10. Be4 Qd6 11. b4 f5 12. Bxc6 bxc6 13. Bb2 e4 14. Ne5 Ba6
15. Bd4 Bf6 16. Nxc6 Bb5 17. Rc1 a5 18. Bxf6 Qxf6 19. Qc5 Bd3 20. Ne5 Qg5 21. g3
axb4 22. Nxd3 exd3 23. axb4 Qg4 24. O-O Rab8 25. Qxc7 Qxb4 26. Rc3 Qe4 27. Rfc1
h6 28. Qd7 Rfd8 29. Qf7 Rb7 30. Qg6 Rbb8 31. Rc7 Qe5 32. h4 Qb2 33. R1c3 Rg8 34.
R3c6 Rgf8 35. Rc3 Rg8 36. Qxf5 Qa1+ 37. Rc1 Rb1 38. Rxb1 Qxb1+ 39. Kg2 Rd8 40.
Qe5 Rg8 41. Rd7 1-0

[Event "Najdorf Mem Open A 2016"]
[Site "Warsaw POL"]
[Date "2016.07.14"]
[Round "7.47"]
[White "Paszewski, Mateusz"]
[Black "Raja, Harshit"]
[Result "1/2-1/2"]
[WhiteElo "2270"]
[BlackElo "2351"]
[WhiteFideId "1141058"]
[BlackFideId "5089000"]
[EventDate "2016.07.08"]

1. c4 Nf6 2. Nc3 e5 3. g3 c6 4. Nf3 e4 5. Nd4 d5 6. cxd5 cxd5 7. d3 exd3 8. Qxd3
Nc6 9. Bg2 Be7 10. O-O O-O 11. b3 Nxd4 12. Qxd4 Be6 13. Bb2 Qa5 14. Rfd1 Rfd8
15. e3 h6 16. a3 Bc5 17. Qh4 d4 18. b4 dxc3 19. bxa5 cxb2 20. Rab1 Rxd1+ 21.
Rxd1 Bg4 22. Rb1 Bf8 23. a6 g5 24. axb7 Rb8 25. Qxg4 Nxg4 26. Rxb2 Bxa3 27. Ra2
Bd6 28. Rxa7 Kf8 29. Bd5 Nf6 30. Bc6 Ke7 31. Kg2 Kd8 32. f4 Kc7 33. Ra6 Ng4 34.
Kf3 Nxh2+ 35. Ke4 Nf1 36. g4 Nd2+ 37. Kf5 Nc4 38. fxg5 Nxe3+ 39. Ke4 Nxg4 40.
gxh6 Nxh6 41. Bd5 f5+ 42. Kf3 f4 43. Rc6+ Kd7 44. Rc8 Nf5 45. Bc6+ Ke7 46. Be4
Nd4+ 47. Kg4 Kd7 48. Rc4 Rg8+ 49. Kh3 Rg3+ 50. Kh4 Nf3+ 51. Kh5 Rh3+ 52. Kg4
Ne5+ 53. Kxh3 Nxc4 54. Kg4 Kc7 55. Bh1 Na5 56. Kf5 Nxb7 57. Kg4 Nc5 58. Bd5 Kb6
59. Kf3 Kb5 60. Ba8 Kc4 61. Bc6 Kd4 62. Ba8 Ke5 63. Bc6 Kf5 64. Bd5 Kg5 65. Ba8
Nd3 66. Bb7 Ne5+ 67. Kg2 Bc5 68. Bd5 Ng6 69. Kh3 Nh4 70. Be4 f3 71. Kg3 f2 72.
Bd3 Nf5+ 73. Kf3 Kf6 74. Ba6 Ke5 75. Bd3 Nh4+ 76. Kg3 Ng6 77. Kf3 Nf4 78. Ba6
Ne6 79. Bc4 Ng5+ 80. Kg2 Kf4 81. Be2 Ne4 82. Ba6 Ke3 83. Bb5 Bd4 84. Ba6 Kd2 85.
Kf1 Ke3 86. Kg2 Be5 87. Bb5 Bg3 88. Ba6 Kd2 89. Kf3 Nc5 90. Kxg3 Ke1 91. Bc4
Ne4+ 92. Kf4 1/2-1/2

[Event "Najdorf Mem Open A 2016"]
[Site "Warsaw POL"]
[Date "2016.07.14"]
[Round "7.48"]
[White "Fakhrutdinov, Timur"]
[Black "Smieszek, Wojciech"]
[Result "1-0"]
[WhiteTitle "FM"]
[WhiteElo "2350"]
[BlackElo "2217"]
[WhiteFideId "24176702"]
[BlackFideId "1156047"]
[EventDate "2016.07.08"]

1. e4 c5 2. Nf3 Nc6 3. d4 cxd4 4. Nxd4 g6 5. Nc3 Bg7 6. Be3 Nf6 7. Bc4 O-O 8.
Bb3 Re8 9. O-O d6 10. h3 Na5 11. Qd3 b6 12. Ba4 Bd7 13. Bxd7 Qxd7 14. Nd5 Rac8
15. b3 Nc6 16. Nxc6 Qxc6 17. c4 Nd7 18. Rae1 Nc5 19. Bxc5 dxc5 20. e5 e6 21. Nc3
Rcd8 22. Qe3 Rd7 23. Rd1 Red8 24. Rxd7 Rxd7 25. Rd1 Rxd1+ 26. Nxd1 Qd7 27. Nb2
f6 28. exf6 Bxf6 29. Nd3 Bd4 30. Qe4 Qf7 31. g4 e5 32. Kg2 Kg7 33. f3 Qf6 34.
Kg3 g5 35. Kg2 Kh6 36. Kf1 Kg7 37. Ke2 Qd6 38. Kd1 a5 39. Kc2 Qf6 40. Qb7+ Kg8
41. Qe4 Kg7 42. Kd1 Qd6 43. Qf5 h6 44. Kc2 e4 45. fxe4 Qh2+ 46. Kd1 Qg1+ 47. Kc2
Qh2+ 48. Kb1 Qh1+ 49. Nc1 Be3 50. Qe5+ Kg8 51. Qc3 Bxc1 52. Qxc1 Qxe4+ 53. Qc2
Qe6 54. Qd3 Kg7 55. Kb2 Kf6 56. Kc2 Qc6 57. Qf5+ Kg7 58. Qe5+ Kh7 59. Kd3 Qf3+
60. Qe3 Qd1+ 61. Ke4 Kg7 62. Qd3 Qe1+ 63. Kd5 Qe8 64. Qf5 Qa8+ 65. Kd6 Qa6 66.
Kc6 b5+ 67. Kxc5 bxc4 68. Qd7+ Kf6 69. bxc4 1-0

[Event "Najdorf Mem Open A 2016"]
[Site "Warsaw POL"]
[Date "2016.07.14"]
[Round "7.49"]
[White "Percivaldi, Martin"]
[Black "Strugnell, Carl"]
[Result "1-0"]
[WhiteTitle "FM"]
[BlackTitle "FM"]
[WhiteElo "2347"]
[BlackElo "2238"]
[WhiteFideId "1508148"]
[BlackFideId "616753"]
[EventDate "2016.07.08"]

1. Nf3 Nf6 2. c4 e6 3. g3 d5 4. d4 dxc4 5. Bg2 a6 6. O-O Nc6 7. Nbd2 b5 8. Ne5
Nxe5 9. Bxa8 Qxd4 10. a4 c6 11. Nf3 Nxf3+ 12. exf3 Qb6 13. Be3 Bc5 14. a5 Qa7
15. Bxc6+ Ke7 16. Bxc5+ Qxc5 17. Be4 h5 18. h4 Rd8 19. Qe2 Qb4 20. Rfd1 Rxd1+
21. Rxd1 Qxa5 22. Qe3 Qc7 23. Qg5 Kf8 24. Qd2 Bd7 25. Qd6+ Qxd6 26. Rxd6 a5 27.
Kf1 Ke7 28. Ra6 a4 29. Ke2 Nd5 30. Bxd5 exd5 31. Ke3 b4 32. Rb6 c3 33. Rxb4 cxb2
34. Rxb2 d4+ 35. Kxd4 Be6 36. Rb7+ Bd7 37. Ra7 Kd6 38. Ra6+ Bc6 39. f4 g6 40.
Kc4 a3 41. Rxa3 Bd5+ 42. Kd4 Be6 43. Ra6+ Ke7 44. Ke5 f6+ 45. Ke4 Bh3 46. f3 Bg2
47. f5 g5 48. hxg5 fxg5 49. Ra2 1-0

[Event "Najdorf Mem Open A 2016"]
[Site "Warsaw POL"]
[Date "2016.07.14"]
[Round "7.50"]
[White "Jaroch, Karol"]
[Black "Barski, Radoslaw"]
[Result "0-1"]
[WhiteElo "2203"]
[BlackElo "2346"]
[WhiteFideId "1130609"]
[BlackFideId "1131710"]
[EventDate "2016.07.08"]

1. c4 g6 2. g3 Bg7 3. Bg2 c5 4. Nf3 Nc6 5. O-O e6 6. Nc3 Nge7 7. d3 O-O 8. h4 d5
9. cxd5 exd5 10. Bf4 b6 11. Qd2 Bh8 12. h5 d4 13. Ne4 Nd5 14. hxg6 hxg6 15. Bd6
Re8 16. Qh6 Bg7 17. Qh2 f6 18. Nh4 f5 19. Ng5 Qxd6 20. Bxd5+ Kf8 21. Qh1 Bd7 22.
Bf7 Ne5 23. Nxg6+ Nxg6 24. Qh7 Qf6 25. f4 Qxf7 26. Nxf7 Kxf7 27. Qh1 Be6 28. b4
Rad8 29. bxc5 Rh8 30. Qc6 Ne7 31. Qb5 Nd5 32. Rac1 Nc3 33. Rxc3 dxc3 34. cxb6
Bd4+ 35. Kg2 Bd5+ 36. e4 fxe4 37. g4 e3+ 38. Kg3 e2 39. Re1 axb6 40. Rxe2 Rh1
41. Re8 Rd6 42. Re2 Rg1+ 43. Kh4 Bf6+ 44. g5 Be7 45. Kh3 Rd8 46. Kh2 Bc5 47. d4
Rh8+ 48. Kxg1 Bxd4+ 49. Re3 Bxe3+ 50. Kf1 Rd8 51. Qa4 Bf3 52. Qc4+ Kf8 0-1

[Event "Najdorf Mem Open A 2016"]
[Site "Warsaw POL"]
[Date "2016.07.14"]
[Round "7.51"]
[White "Karpus, Michal"]
[Black "Eggink, Ryszard"]
[Result "0-1"]
[WhiteTitle "FM"]
[WhiteElo "2179"]
[BlackElo "2345"]
[WhiteFideId "1174088"]
[BlackFideId "1125869"]
[EventDate "2016.07.08"]

1. e4 c5 2. Nf3 d6 3. d4 cxd4 4. Nxd4 Nf6 5. Nc3 a6 6. Be3 e5 7. Nb3 Be7 8. h3
Be6 9. f4 exf4 10. Bxf4 Nc6 11. Qe2 Ne5 12. O-O-O Qc7 13. Kb1 O-O 14. Nd4 b5 15.
Nf5 b4 16. Nxe7+ Qxe7 17. Nd5 Bxd5 18. exd5 Qb7 19. g4 Nxd5 20. Qg2 Nf3 21. Bc1
Nc3+ 22. bxc3 bxc3+ 23. Ka1 Rab8 24. Ba3 Nd4 25. Rh2 Nf3 26. Bc4 Nxh2 27. Qxh2
d5 28. Bb3 Rfd8 29. Qe5 d4 30. Qf4 Kh8 31. h4 a5 32. h5 a4 33. Bc4 d3 34. Bxd3
Rxd3 35. Rf1 Rd2 36. Qxa4 Qd7 37. Qf4 Rd1+ 38. Bc1 Rb1+ 39. Kxb1 Qb5+ 40. Ka1
Qb2# 0-1

[Event "Najdorf Mem Open A 2016"]
[Site "Warsaw POL"]
[Date "2016.07.14"]
[Round "7.52"]
[White "Skawinski, Arkadiusz"]
[Black "Szostko, Jakub"]
[Result "1-0"]
[WhiteTitle "FM"]
[BlackTitle "FM"]
[WhiteElo "2355"]
[BlackElo "2246"]
[WhiteFideId "1126415"]
[BlackFideId "1174282"]
[EventDate "2016.07.08"]

1. e4 c5 2. Nf3 e6 3. b3 Nc6 4. Bb2 d5 5. Bb5 a6 6. Bxc6+ bxc6 7. Nc3 Nf6 8. Qe2
Be7 9. O-O O-O 10. d3 Rb8 11. Na4 c4 12. Bxf6 Bxf6 13. e5 cxd3 14. cxd3 Be7 15.
Rfc1 Bb7 16. Nc5 Qc7 17. Rc2 Bxc5 18. Rxc5 f6 19. exf6 Rxf6 20. Ne5 Rbf8 21. f3
Rf5 22. Nxc6 Rh5 23. h3 Kh8 24. Rac1 Qg3 25. Qe1 Qc7 26. Na5 Qb6 27. Nxb7 Qxb7
28. Qxe6 1-0

[Event "Najdorf Mem Open A 2016"]
[Site "Warsaw POL"]
[Date "2016.07.14"]
[Round "7.53"]
[White "Dzierzak, Radoslaw"]
[Black "Schroeder, Kevin"]
[Result "1-0"]
[BlackTitle "FM"]
[WhiteElo "2204"]
[BlackElo "2350"]
[WhiteFideId "1161407"]
[BlackFideId "12929840"]
[EventDate "2016.07.08"]

1. e4 c5 2. Nf3 d6 3. d4 cxd4 4. Nxd4 Nf6 5. Nc3 a6 6. g3 g6 7. Bg2 Bg7 8. O-O
O-O 9. h3 Qb6 10. Nb3 Nc6 11. Be3 Qc7 12. f4 b5 13. e5 dxe5 14. fxe5 Nxe5 15.
Bxa8 Bxh3 16. Bg2 Bxg2 17. Kxg2 b4 18. Nd5 Qc6 19. Rxf6 exf6 20. Kg1 Kh8 21.
Nxb4 Qe4 22. Bc5 Bh6 23. Qf1 f5 24. Qg2 Nf3+ 25. Kf2 Ng5 26. Bxf8 Bxf8 27. Nd3
Qg4 28. Re1 Ne4+ 29. Kg1 Nxg3 30. Ne5 Qh4 31. Qh2 Qf4 32. Kg2 Nh5 33. Qxf4 Nxf4+
34. Kf3 Nh3 35. Nxf7+ Kg7 36. Kg3 Kxf7 37. Kxh3 g5 38. Nd4 f4 39. Kg4 Bg7 40.
Nf5 Bf6 41. Kh5 Bd8 42. Nd6+ Kf6 43. Ne4+ Kf5 44. Nf2 f3 45. Re8 1-0

[Event "Najdorf Mem Open A 2016"]
[Site "Warsaw POL"]
[Date "2016.07.14"]
[Round "7.54"]
[White "Lewicki, Miroslaw"]
[Black "Wisniewski, Michal"]
[Result "1-0"]
[WhiteTitle "CM"]
[WhiteElo "2329"]
[BlackElo "2235"]
[WhiteFideId "1113380"]
[BlackFideId "1159682"]
[EventDate "2016.07.08"]

1. e4 c5 2. Nf3 d6 3. d4 cxd4 4. Nxd4 Nf6 5. Nc3 g6 6. f3 Bg7 7. Be3 Nc6 8. Qd2
O-O 9. h4 h5 10. O-O-O Bd7 11. g4 Ne5 12. gxh5 Nxh5 13. Rg1 Rc8 14. Bh6 Nc4 15.
Bxc4 Rxc4 16. Bxg7 Kxg7 17. Nf5+ Bxf5 18. exf5 Rf4 19. Rg5 e5 20. fxg6 fxg6 21.
Rdg1 R8f5 22. Rxg6+ Kh7 23. Nd5 Qxh4 24. Qg2 Rf7 25. Rh6+ 1-0

[Event "Najdorf Mem Open A 2016"]
[Site "Warsaw POL"]
[Date "2016.07.15"]
[Round "8.1"]
[White "Smirin, Ilia"]
[Black "Melkumyan, Hrant"]
[Result "1/2-1/2"]
[WhiteTitle "GM"]
[BlackTitle "GM"]
[WhiteElo "2676"]
[BlackElo "2640"]
[WhiteFideId "2801990"]
[BlackFideId "13302485"]
[EventDate "2016.07.08"]

1. e4 e5 2. Nf3 Nc6 3. Bc4 Nf6 4. d3 Bc5 5. O-O O-O 6. c3 d5 7. exd5 Nxd5 8.
Nbd2 Nb6 9. Bb5 Bd6 10. Re1 Bg4 11. h3 Bh5 12. Ne4 f5 13. Ng3 Bxf3 14. Qxf3 Qd7
15. d4 exd4 16. Bxc6 1/2-1/2

[Event "Najdorf Mem Open A 2016"]
[Site "Warsaw POL"]
[Date "2016.07.15"]
[Round "8.2"]
[White "Gajewski, Grzegorz"]
[Black "Efimenko, Zahar"]
[Result "1-0"]
[WhiteTitle "GM"]
[BlackTitle "GM"]
[WhiteElo "2605"]
[BlackElo "2655"]
[WhiteFideId "1116207"]
[BlackFideId "14107201"]
[EventDate "2016.07.08"]

1. d4 Nf6 2. c4 e6 3. Nf3 d5 4. Nc3 Nbd7 5. Qc2 Bb4 6. a3 Bxc3+ 7. Qxc3 Ne4 8.
Qc2 O-O 9. e3 Ndf6 10. Ne5 dxc4 11. f3 Nd6 12. Nxc4 Bd7 13. e4 Bb5 14. Bg5 Nxc4
15. Bxc4 c6 16. O-O-O Bxc4 17. Qxc4 h6 18. Bh4 b5 19. Qc2 Qb6 20. Qc5 Rfd8 21.
Qxb6 axb6 22. Kb1 Rd7 23. Rc1 Rc8 24. Bf2 Kf8 25. Rhd1 Ke8 26. Rd3 Ng8 27. Rb3
Ne7 28. a4 bxa4 29. Rxb6 Ra8 30. Ka2 f5 31. Rc4 g5 32. Ka3 Kf7 33. Rbb4 fxe4 34.
fxe4 Ng8 35. Rxc6 Nf6 36. d5 e5 37. Rcc4 Re7 38. Bg3 Ng4 39. Rxa4 Ne3 40. Rc6
Rb8 41. b4 h5 42. Bf2 Nxg2 43. Bc5 Reb7 44. Raa6 Nf4 45. Rf6+ Kg8 46. Bd6 Rc8
47. Bxe5 Rc4 48. Ra8+ Kh7 49. Rc6 1-0

[Event "Najdorf Mem Open A 2016"]
[Site "Warsaw POL"]
[Date "2016.07.15"]
[Round "8.3"]
[White "Khairullin, Ildar"]
[Black "Piorun, Kacper"]
[Result "1/2-1/2"]
[WhiteTitle "GM"]
[BlackTitle "GM"]
[WhiteElo "2629"]
[BlackElo "2685"]
[WhiteFideId "4151348"]
[BlackFideId "1130420"]
[EventDate "2016.07.08"]

1. e4 e6 2. d4 d5 3. e5 c5 4. c3 Qb6 5. Nf3 Nc6 6. Be2 cxd4 7. cxd4 Nh6 8. Bd3
Bd7 9. Bc2 g5 10. h3 Nf5 11. Bxf5 exf5 12. Bxg5 Qxb2 13. Nbd2 Qb5 14. a3 Rg8 15.
g3 Rc8 16. Qe2 Qxe2+ 17. Kxe2 Nxd4+ 18. Nxd4 Rxg5 19. Rhb1 b6 20. a4 Rg6 21. a5
Bc5 22. N2f3 f4 23. gxf4 Bxh3 24. Rh1 Bg4 25. Kd3 Bxf3 26. Nxf3 Rg4 27. Rh4 Rxh4
28. Nxh4 Kd7 29. Nf5 Rg8 30. axb6 axb6 31. Nh6 Rg2 32. Ra7+ Kc6 33. Rxf7 1/2-1/2

[Event "Najdorf Mem Open A 2016"]
[Site "Warsaw POL"]
[Date "2016.07.15"]
[Round "8.4"]
[White "Fier, Alexandr"]
[Black "Kovalenko, Igor"]
[Result "1-0"]
[WhiteTitle "GM"]
[BlackTitle "GM"]
[WhiteElo "2616"]
[BlackElo "2667"]
[WhiteFideId "2107139"]
[BlackFideId "14117908"]
[EventDate "2016.07.08"]

1. d4 Nf6 2. c4 e6 3. Nf3 b6 4. a3 Bb7 5. Nc3 d5 6. cxd5 Nxd5 7. e3 Be7 8. Bb5+
c6 9. Bd3 Nd7 10. O-O O-O 11. Qc2 h6 12. e4 Nxc3 13. bxc3 c5 14. Qe2 Qc7 15. Bb2
Rac8 16. Rad1 Rfd8 17. Bb1 Nf8 18. Ne5 Bd6 19. f4 f6 20. Ng4 Bxf4 21. Qf2 Ng6
22. g3 cxd4 23. cxd4 Bd6 24. Nxf6+ gxf6 25. Qxf6 Nf8 26. Ba2 Re8 27. e5 Qc2 28.
Qf7+ Kh8 29. Qxb7 Qxb2 30. Bb1 Rc7 31. Qf3 Bxe5 32. dxe5 Qxe5 33. Rf2 Rec8 34.
Rdf1 Kg8 35. Kg2 Qd5 36. Be4 Qg5 37. Qe2 Rd8 38. Rf4 Rg7 39. R1f2 Ng6 40. Rf6
Nf8 41. Qf3 Nd7 42. Rxe6 Rf8 43. Bf5 Nc5 44. Rd6 Rgf7 45. Qd5 Kh8 46. Qd4+ Kg8
47. Rf4 Rxf5 48. Rg4 Kh7 49. Rxg5 Rxg5 50. Qh4 1-0

[Event "Najdorf Mem Open A 2016"]
[Site "Warsaw POL"]
[Date "2016.07.15"]
[Round "8.5"]
[White "Areshchenko, Alexander"]
[Black "Indjic, Aleksandar"]
[Result "1/2-1/2"]
[WhiteTitle "GM"]
[BlackTitle "GM"]
[WhiteElo "2654"]
[BlackElo "2547"]
[WhiteFideId "14109530"]
[BlackFideId "911925"]
[EventDate "2016.07.08"]

1. e4 Nf6 2. e5 Nd5 3. d4 d6 4. Nf3 Bg4 5. Be2 e6 6. O-O Be7 7. h3 Bh5 8. c4 Nb6
9. Nc3 O-O 10. Be3 d5 11. c5 N6d7 12. b4 c6 13. a3 Bxf3 14. Bxf3 f6 15. Bg4 fxe5
16. f4 exd4 17. Bxd4 Bf6 18. Bxe6+ Kh8 19. Qd2 Bxd4+ 20. Qxd4 Qf6 21. Qxf6 Nxf6
22. g4 Na6 23. Rae1 Nc7 24. Bf5 Rf7 25. Ne2 a5 26. Nd4 axb4 27. axb4 Ra4 28. Nc2
g6 29. Bd3 Ra2 30. Rf2 Rb2 31. Kg2 Kg7 32. Re5 Rb3 33. Re3 d4 34. Ref3 Nfd5 35.
f5 Ne3+ 36. Nxe3 dxe3 37. Rxe3 Nd5 38. Ref3 Rxb4 39. g5 gxf5 40. Bxf5 Rxf5 41.
Rxf5 Ne3+ 42. Kg3 Nxf5+ 43. Rxf5 Kg6 44. Re5 Kh5 45. Re7 Kxg5 46. Rxh7 Rb3+ 47.
Kg2 Kg6 48. Rc7 Kf5 49. h4 Kg4 50. Rh7 Rb2+ 51. Kf1 Kf3 52. Ke1 Ke3 53. Kd1 Kd3
54. Kc1 Rb4 55. Rh5 Kc3 56. Kd1 Re4 57. Rh7 Kc4 58. Rxb7 Rxh4 59. Rg7 Kxc5 60.
Kc2 Kc4 61. Rg2 c5 62. Rf2 Kb4 63. Kb2 Rh3 64. Rf4+ c4 65. Rf2 Rb3+ 66. Kc2 Ra3
67. Kb2 c3+ 68. Kb1 Kb3 69. Rb2+ Kc4 70. Rh2 Kb3 71. Rb2+ Kc4 72. Rh2 Rb3+ 73.
Kc1 Ra3 74. Rh8 Ra1+ 75. Kc2 Ra2+ 76. Kc1 Ra1+ 77. Kc2 Ra2+ 78. Kc1 1/2-1/2

[Event "Najdorf Mem Open A 2016"]
[Site "Warsaw POL"]
[Date "2016.07.15"]
[Round "8.6"]
[White "Salem, A.R. Saleh"]
[Black "Zhigalko, Sergei"]
[Result "1/2-1/2"]
[WhiteTitle "GM"]
[BlackTitle "GM"]
[WhiteElo "2608"]
[BlackElo "2653"]
[WhiteFideId "9301348"]
[BlackFideId "13502956"]
[EventDate "2016.07.08"]

1. d4 Nf6 2. c4 e6 3. Nf3 b6 4. g3 Bb7 5. Bg2 Bb4+ 6. Nbd2 O-O 7. O-O a5 8. Nb1
Be7 9. d5 exd5 10. Nh4 Ne4 11. cxd5 Bxh4 12. Bxe4 Bf6 13. Nc3 d6 14. Qc2 h6 15.
Bf4 Re8 16. Rad1 Na6 17. Bg2 Nc5 18. Rfe1 Qd7 19. Ne4 Nxe4 20. Bxe4 Re7 21. a4
b5 22. b3 b4 23. Bd3 Ba6 24. Bd2 Bxd3 25. Qxd3 Rae8 26. Rc1 Re4 27. Rc4 Rxc4 28.
Qxc4 Re5 29. e4 Rh5 30. h4 Qg4 31. Qe2 Qg6 32. Kf1 Bd4 33. Bf4 Bc3 34. Rd1 Be5
35. Bd2 f5 36. f4 Qxg3 37. Qxh5 Qh3+ 38. Kf2 Bd4+ 39. Be3 Qh2+ 40. Kf3 Qh3+ 41.
Kf2 Qxe3+ 42. Kg2 fxe4 43. Qg4 Bb6 44. Kh1 Kh8 45. h5 Qxb3 46. Qc8+ Kh7 47. Qf5+
Kh8 48. Qf8+ Kh7 49. Qf5+ Kh8 50. Qf8+ Kh7 51. Qf5+ 1/2-1/2

[Event "Najdorf Mem Open A 2016"]
[Site "Warsaw POL"]
[Date "2016.07.15"]
[Round "8.7"]
[White "Socko, Bartosz"]
[Black "Bartel, Mateusz"]
[Result "1/2-1/2"]
[WhiteTitle "GM"]
[BlackTitle "GM"]
[WhiteElo "2599"]
[BlackElo "2649"]
[WhiteFideId "1107038"]
[BlackFideId "1112635"]
[EventDate "2016.07.08"]

1. e4 e5 2. Nf3 Nc6 3. Bb5 a6 4. Bxc6 dxc6 5. O-O Bd6 6. d4 exd4 7. Qxd4 f6 8.
Nbd2 Be6 9. b3 Qe7 10. Nc4 Bc5 11. Qd3 Qd7 12. Qxd7+ Bxd7 13. Be3 Bxe3 14. Nxe3
Ne7 15. Rad1 c5 16. e5 Be6 17. exf6 gxf6 18. Nd2 Kf7 19. Ne4 b6 20. f3 h5 21.
Rd2 Rhd8 22. Rfd1 Rxd2 23. Rxd2 a5 24. Nc3 Nf5 25. Nxf5 Bxf5 26. Nb5 c6 27. Nd6+
Ke6 28. Nxf5 Kxf5 29. Rd6 a4 30. Rxc6 axb3 31. axb3 Ra1+ 32. Kf2 Ra2 33. Rxb6
Rxc2+ 34. Kg3 c4 35. bxc4 Rxc4 36. Rb2 Kg5 37. Re2 Ra4 38. Kh3 Rh4+ 39. Kg3 Ra4
40. Re4 Ra2 41. Kh3 Ra3 42. Rb4 Rc3 43. Rb5+ Kg6 44. Rb8 Ra3 45. Rg8+ Kf7 46.
Rb8 Kg6 47. Kh4 Ra4+ 48. Kg3 Ra3 49. Re8 Rb3 50. Kh3 Ra3 51. Re2 Kg5 52. Rf2 h4
53. Re2 f5 54. Re8 Ra4 55. Rg8+ Kf6 56. Rb8 Kg5 57. Rb5 Rf4 58. Ra5 Kg6 59. Ra2
Kg5 60. Rf2 Ra4 61. Rb2 Rf4 62. Rb3 Ra4 63. Rb8 Rf4 64. Rb6 Kh5 65. Rb3 Ra4 66.
g3 hxg3 67. hxg3 Ra6 68. Rb5 Kg6 69. Kh4 Ra4+ 70. f4 Ra3 71. Rb6+ Kf7 72. Rb5
Kg6 73. Rd5 Ra6 74. Rd8 Ra3 75. Rg8+ Kf7 76. Rg5 Kf6 77. Kh5 Rb3 78. Rg6+ Kf7
79. Kh6 Ra3 80. Rg5 Kf6 81. Rg8 Kf7 82. Rg5 Kf6 83. Kh5 Rb3 84. Kh4 Rb1 85. Kh3
Rh1+ 86. Kg2 Rh8 87. Kf3 Ra8 88. Rh5 1/2-1/2

[Event "Najdorf Mem Open A 2016"]
[Site "Warsaw POL"]
[Date "2016.07.15"]
[Round "8.8"]
[White "Lalith, Babu M R"]
[Black "Gupta, Abhijeet"]
[Result "1/2-1/2"]
[WhiteTitle "GM"]
[BlackTitle "GM"]
[WhiteElo "2565"]
[BlackElo "2630"]
[WhiteFideId "5024595"]
[BlackFideId "5010608"]
[EventDate "2016.07.08"]

1. d4 Nf6 2. c4 e6 3. Nf3 c5 4. Nc3 cxd4 5. Nxd4 Bb4 6. g3 Ne4 7. Qc2 Qa5 8. Bg2
Nxc3 9. O-O Nc6 10. bxc3 Bxc3 11. Nb3 Nd4 12. Nxd4 Bxd4 13. Bb2 Bxb2 14. Qxb2
O-O 15. Qd4 d5 16. cxd5 exd5 17. Qxd5 Qxd5 18. Bxd5 Re8 19. e4 Re7 20. Rab1 Rb8
21. f3 g6 22. Kf2 Be6 23. Rfd1 Bxd5 24. Rxd5 Rc8 25. Rbd1 Rc2+ 26. R1d2 Rec7 27.
h4 1/2-1/2

[Event "Najdorf Mem Open A 2016"]
[Site "Warsaw POL"]
[Date "2016.07.15"]
[Round "8.9"]
[White "Lysyj, Igor"]
[Black "Neiksans, Arturs"]
[Result "1/2-1/2"]
[WhiteTitle "GM"]
[BlackTitle "GM"]
[WhiteElo "2663"]
[BlackElo "2614"]
[WhiteFideId "4150120"]
[BlackFideId "11601388"]
[EventDate "2016.07.08"]

1. Nf3 Nf6 2. g3 b5 3. Na3 a6 4. c4 e6 5. b3 c6 6. Bg2 d5 7. O-O Bd6 8. d4 Nbd7
9. c5 Bb8 10. Bb2 a5 11. Nc2 O-O 12. Nce1 Ne4 13. Nd3 Qe7 14. b4 Bc7 15. a3 Bb7
16. Qc2 Ra7 17. Nfe5 f6 18. Nxd7 Qxd7 19. f3 Ng5 20. e4 Bc8 21. e5 axb4 22. axb4
Rxa1 23. Bxa1 Qd8 24. Qe2 Bd7 25. Bc3 Nf7 26. Qe3 Nh6 27. exf6 Qxf6 28. Ra1 Nf5
29. Qf2 Be8 30. Ra7 Bb8 31. Ra6 h5 32. f4 Ne7 33. Ra8 Bg6 34. Ne1 Be4 35. Qe2
Bxg2 36. Kxg2 Qg6 37. Nf3 Bxf4 38. Nh4 Qf6 39. Rxf8+ Kxf8 40. Qxh5 Bh6 41. Qe2
Nf5 42. Nf3 Ne3+ 43. Kg1 Nc4 44. Qd3 Ke7 45. Kf2 Qf7 46. Ke2 Qh5 47. Qc2 Ne3 48.
Qb1 Qh3 49. Qg1 Qf5 50. Bd2 Qc2 51. Qc1 Qa2 52. Ke1 Nc2+ 53. Kd1 Nxb4 54. Bxh6
gxh6 55. Qd2 Qc4 56. Ke1 Nd3+ 57. Kd1 Nb4 58. Ke1 Nd3+ 59. Kd1 Nb4 1/2-1/2

[Event "Najdorf Mem Open A 2016"]
[Site "Warsaw POL"]
[Date "2016.07.15"]
[Round "8.10"]
[White "Rozentalis, Eduardas"]
[Black "Ivanisevic, Ivan"]
[Result "1/2-1/2"]
[WhiteTitle "GM"]
[BlackTitle "GM"]
[WhiteElo "2552"]
[BlackElo "2656"]
[WhiteFideId "12800023"]
[BlackFideId "912417"]
[EventDate "2016.07.08"]

1. e4 e5 2. Nf3 Nc6 3. Bb5 a6 4. Bxc6 dxc6 5. O-O Qe7 6. d3 Bg4 7. Be3 O-O-O 8.
Nbd2 f6 9. a3 Qe8 10. b4 g5 11. Qb1 Ne7 12. a4 Ng6 13. Qb2 Nf4 14. Rfb1 b6 15.
Ne1 Rg8 16. c4 f5 17. exf5 Bxf5 18. c5 e4 19. dxe4 Bg7 20. Qc2 Bxa1 21. Rxa1 Qe5
22. Rb1 Rxd2 23. Qxd2 Rd8 24. Qa2 Qxe4 25. Rc1 Nd5 26. cxb6 Nxe3 27. Qe2 cxb6
28. Qxa6+ Kc7 29. Qa7+ Kc8 30. Qa6+ Kc7 31. Qa7+ Kc8 1/2-1/2

[Event "Najdorf Mem Open A 2016"]
[Site "Warsaw POL"]
[Date "2016.07.15"]
[Round "8.11"]
[White "Sengupta, Deep"]
[Black "Perunovic, Milos"]
[Result "1-0"]
[WhiteTitle "GM"]
[BlackTitle "GM"]
[WhiteElo "2551"]
[BlackElo "2627"]
[WhiteFideId "5008352"]
[BlackFideId "921629"]
[EventDate "2016.07.08"]

1. e4 c5 2. Nf3 Nc6 3. Nc3 e6 4. d4 cxd4 5. Nxd4 Qc7 6. Be2 a6 7. O-O Nf6 8. Be3
Bb4 9. Nxc6 bxc6 10. f4 O-O 11. e5 Bxc3 12. bxc3 Nd5 13. Bc5 Nxc3 14. Qd3 Nxe2+
15. Qxe2 Re8 16. Rf3 Rb8 17. c4 d5 18. exd6 Qa5 19. Qf2 Bd7 20. Ra3 Qd8 21. Re1
a5 22. Qd2 e5 23. fxe5 Qh4 24. Bd4 c5 25. Bf2 Qxc4 26. Rxa5 Rb5 27. Ra7 Qe6 28.
a4 Rb4 29. a5 Ra4 30. Qc3 c4 31. Qh3 f5 32. Qc3 Rb8 33. Bb6 Ra2 34. Rxd7 1-0

[Event "Najdorf Mem Open A 2016"]
[Site "Warsaw POL"]
[Date "2016.07.15"]
[Round "8.12"]
[White "Krasenkow, Michal"]
[Black "Svane, Rasmus"]
[Result "1/2-1/2"]
[WhiteTitle "GM"]
[BlackTitle "IM"]
[WhiteElo "2614"]
[BlackElo "2549"]
[WhiteFideId "1113100"]
[BlackFideId "4657101"]
[EventDate "2016.07.08"]

1. Nf3 d5 2. c4 e6 3. b3 Nf6 4. Bb2 Be7 5. e3 O-O 6. d4 b6 7. Bd3 Bb7 8. O-O c5
9. Nc3 cxd4 10. exd4 Nc6 11. Rc1 Rc8 12. Qe2 dxc4 13. bxc4 Nb4 14. Ne5 Nxd3 15.
Qxd3 Qd6 16. Rfd1 Rfd8 17. Qe2 Bf8 18. f4 Qe7 19. a4 Qe8 20. Qc2 Nh5 21. Ne2 f6
22. Ng4 Bc6 23. Ra1 Bd6 24. Rf1 Qg6 25. Qxg6 hxg6 26. Ne3 Be4 27. Rad1 f5 28. g3
Nf6 29. Nc3 Bb4 30. Na2 Be7 31. Nc3 Kf7 32. Nxe4 Nxe4 33. Rd3 Nc5 34. Ra3 Ne4
35. Rd3 Rd7 36. Rfd1 Rcd8 37. d5 Bc5 38. Bd4 Bxd4 39. Rxd4 Nc3 40. Re1 exd5 41.
cxd5 Re8 42. Kf1 Re4 43. Rxe4 fxe4 44. Rc1 Nxd5 45. Nxd5 Rxd5 46. Rc7+ Kf6 47.
Rxa7 Rd2 48. Rb7 Rxh2 49. g4 e3 50. Rxb6+ Kf7 51. Rb4 Ra2 52. Re4 Kf6 53. Ke1
Kf7 54. g5 Kf8 55. Rxe3 1/2-1/2